[Event "LSS No Engine Cup 229 Preliminary 0"]
[Site "LSS email"]
[Date "2022.08.25"]
[Round "?"]
[White "Mcdaniel, Curtis"]
[Black "Hybl, Vladislav"]
[Result "1/2-1/2"]
[WhiteElo "2153"]
[BlackElo "1600"]
[PlyCount "37"]
[EventDate "2022.08.25"]
[EventType "tourn (corr)"]
[EventRounds "6"]
[EventCountry "GER"]
[SourceTitle "Corr 2024"]
[Source "ChessBase"]
[SourceDate "2023.10.19"]
[SourceVersion "1"]
[SourceVersionDate "2023.10.19"]
[SourceQuality "1"]

1. e4 c5 2. d4 cxd4 3. c3 dxc3 4. Nxc3 Nc6 5. Nf3 e6 6. Bc4 a6 7. 0-0 b5 8. Bb3 Na5 9. Re1 Nxb3 10. Qxb3 Bc5 11. Be3 Bxe3 12. Rxe3 Ne7 13. Rd1 0-0 14. Red3 Nc6 15. Rd6 Qc7 16. a4 Rb8 17. axb5 axb5 18. h3 h6 19. Ne2 1/2-1/2

[Event "LSS No Engine Cup 229 Preliminary 0"]
[Site "LSS email"]
[Date "2022.08.25"]
[Round "?"]
[White "Mcdaniel, Curtis"]
[Black "Schnoewitz, Brigitte"]
[Result "1-0"]
[WhiteElo "2153"]
[BlackElo "1199"]
[PlyCount "33"]
[EventDate "2022.08.25"]
[EventType "tourn (corr)"]
[EventRounds "6"]
[EventCountry "GER"]
[SourceTitle "Corr 2024"]
[Source "ChessBase"]
[SourceDate "2023.10.19"]
[SourceVersion "1"]
[SourceVersionDate "2023.10.19"]
[SourceQuality "1"]

1. e4 c5 2. d4 cxd4 3. c3 dxc3 4. Nxc3 h6 5. Nf3 d6 6. e5 e6 7. exd6 a6 8. Bf4 Nf6 9. Bc4 b5 10. Nd5 Nxd5 11. Bxd5 Ra7 12. Qd4 Rd7 13. 0-0 Bxd6 14. Qxg7 Rf8 15. Bxh6 exd5 16. Rfe1+ Be7 17. Qxf8# 1-0

[Event "LSS No Engine Cup 229 Preliminary 0"]
[Site "LSS email"]
[Date "2022.08.25"]
[Round "?"]
[White "Nemchenko, Valery"]
[Black "Mcdaniel, Curtis"]
[Result "1/2-1/2"]
[WhiteElo "1456"]
[BlackElo "2153"]
[PlyCount "80"]
[EventDate "2022.08.25"]
[EventType "tourn (corr)"]
[EventRounds "6"]
[EventCountry "GER"]
[SourceTitle "Corr 2024"]
[Source "ChessBase"]
[SourceDate "2023.10.19"]
[SourceVersion "1"]
[SourceVersionDate "2023.10.19"]
[SourceQuality "1"]

1. c4 d5 2. cxd5 c6 3. dxc6 Nxc6 4. Nc3 e5 5. d3 Nf6 6. Nf3 h6 7. e3 Bf5 8. d4 Bb4 9. Bb5 e4 10. Nd2 0-0 11. a3 Be7 12. f3 exf3 13. Nxf3 Ne4 14. Bd3 Nxc3 15. bxc3 Bxd3 16. Qxd3 Rc8 17. 0-0 Qc7 18. a4 Na5 19. e4 b6 20. Ba3 Rfe8 21. Bxe7 Rxe7 22. Rac1 Nb3 23. Rb1 Na5 24. Rfc1 f6 25. Nh4 Rce8 26. Re1 Qc6 27. e5 fxe5 28. Ng6 Rc7 29. Rxe5 Nc4 30. Rxe8+ Qxe8 31. Rc1 Qe3+ 32. Qxe3 Nxe3 33. Ne5 Nc4 34. Nd3 Nd2 35. Rc2 Nb3 36. d5 Kf8 37. Nb2 Ke7 38. Kf2 Kd6 39. c4 Rf7+ 40. Ke3 Re7+ 1/2-1/2

[Event "LSS No Engine Cup 229 Preliminary 0"]
[Site "LSS email"]
[Date "2022.08.25"]
[Round "?"]
[White "Schleef, Harald"]
[Black "Mcdaniel, Curtis"]
[Result "1/2-1/2"]
[WhiteElo "2321"]
[BlackElo "2153"]
[PlyCount "32"]
[EventDate "2022.08.25"]
[EventType "tourn (corr)"]
[EventRounds "6"]
[EventCountry "GER"]
[SourceTitle "Corr 2024"]
[Source "ChessBase"]
[SourceDate "2023.10.19"]
[SourceVersion "1"]
[SourceVersionDate "2023.10.19"]
[SourceQuality "1"]

1. e4 c5 2. Nf3 e6 3. d4 cxd4 4. Nxd4 Nf6 5. Nc3 Nc6 6. Ndb5 Bb4 7. a3 Bxc3+ 8. Nxc3 d5 9. exd5 exd5 10. Bd3 0-0 11. 0-0 Bg4 12. f3 Qb6+ 13. Kh1 Bh5 14. Bg5 Ne4 15. Nxe4 dxe4 16. Bxe4 Qxb2 1/2-1/2

[Event "LSS SA-2022-0-00806"]
[Site "LSS email"]
[Date "2022.08.23"]
[Round "?"]
[White "Oliger, Mark"]
[Black "Mcdaniel, Curtis"]
[Result "1-0"]
[WhiteElo "2102"]
[BlackElo "2128"]
[PlyCount "71"]
[EventDate "2022.07.01"]
[EventType "tourn (corr)"]
[EventRounds "6"]
[EventCountry "GER"]
[SourceTitle "Corr 2024"]
[Source "ChessBase"]
[SourceDate "2023.10.19"]
[SourceVersion "1"]
[SourceVersionDate "2023.10.19"]
[SourceQuality "1"]

1. e4 d6 2. d4 Nf6 3. Nc3 g6 4. Be3 Bg7 5. h3 c6 6. f4 0-0 7. Nf3 Nbd7 8. e5 Nd5 9. Nxd5 cxd5 10. Bd3 Qb6 11. Qc1 dxe5 12. dxe5 Nc5 13. 0-0 Nxd3 14. cxd3 Qb5 15. Qd2 Bf5 16. Rad1 Rac8 17. Bd4 Qa6 18. a3 Rc7 19. Qe3 Ra8 20. Bc3 Bd7 21. Nd4 e6 22. g4 f6 23. Bb4 Qb6 24. Bd6 Rcc8 25. Rf2 Bf8 26. Bxf8 Rxf8 27. Kh2 Rf7 28. Rc1 fxe5 29. Qxe5 Raf8 30. Rc7 Qa6 31. Rd2 Qb6 32. Rdc2 a5 33. Nf3 Qb5 34. Ng5 Rg7 35. Nxe6 Re7 36. Rxd7 1-0

[Event "LSS No Engine Cup 224 Preliminary 0"]
[Site "LSS email"]
[Date "2022.01.08"]
[Round "?"]
[White "Cruz Ramirez, Eliecer"]
[Black "Mcdaniel, Curtis"]
[Result "1/2-1/2"]
[WhiteElo "2047"]
[BlackElo "2164"]
[PlyCount "25"]
[EventDate "2022.01.08"]
[EventType "tourn (corr)"]
[EventRounds "6"]
[EventCountry "GER"]
[SourceTitle "Corr 2024"]
[Source "ChessBase"]
[SourceDate "2023.10.19"]
[SourceVersion "1"]
[SourceVersionDate "2023.10.19"]
[SourceQuality "1"]

1. e4 e5 2. Nf3 Nc6 3. Bb5 Nf6 4. 0-0 Nxe4 5. d4 Nd6 6. Bxc6 dxc6 7. dxe5 Nf5 8. Qxd8+ Kxd8 9. Nc3 Ke8 10. b3 Be7 11. Bb2 a5 12. Rad1 Be6 13. g4 1/2-1/2

[Event "LSS No Engine Cup 224 Preliminary 0"]
[Site "LSS email"]
[Date "2022.01.08"]
[Round "?"]
[White "Mcdaniel, Curtis"]
[Black "Jouanny, Sebastien"]
[Result "1/2-1/2"]
[WhiteElo "2164"]
[BlackElo "1600"]
[PlyCount "41"]
[EventDate "2022.01.08"]
[EventType "tourn (corr)"]
[EventRounds "6"]
[EventCountry "GER"]
[SourceTitle "Corr 2024"]
[Source "ChessBase"]
[SourceDate "2023.10.19"]
[SourceVersion "1"]
[SourceVersionDate "2023.10.19"]
[SourceQuality "1"]

1. e4 e5 2. Nf3 Nc6 3. d4 exd4 4. Bc4 Nf6 5. e5 d5 6. Bb5 Ne4 7. Nxd4 Bc5 8. Be3 0-0 9. Nxc6 bxc6 10. Bxc5 Nxc5 11. Bxc6 Rb8 12. Qxd5 Qe7 13. 0-0 Rxb2 14. Nc3 Rd8 15. Qf3 Ne6 16. Nd5 Qc5 17. Rfd1 Rxc2 18. Ba4 Nd4 19. Nf6+ gxf6 20. Qxf6 Ne2+ 21. Kf1 1/2-1/2

[Event "LSS No Engine Cup 224 Preliminary 0"]
[Site "LSS email"]
[Date "2022.01.08"]
[Round "?"]
[White "Mcdaniel, Curtis"]
[Black "Lonyuk, Bohdan"]
[Result "1/2-1/2"]
[WhiteElo "2164"]
[BlackElo "1709"]
[PlyCount "47"]
[EventDate "2022.01.08"]
[EventType "tourn (corr)"]
[EventRounds "6"]
[EventCountry "GER"]
[SourceTitle "Corr 2024"]
[Source "ChessBase"]
[SourceDate "2023.10.19"]
[SourceVersion "1"]
[SourceVersionDate "2023.10.19"]
[SourceQuality "1"]

1. e4 e5 2. Nf3 Nc6 3. d4 exd4 4. Bc4 Bc5 5. c3 Nf6 6. e5 d5 7. Bb5 Ne4 8. cxd4 Bb6 9. Nc3 0-0 10. Be3 Bg4 11. h3 Bh5 12. Bxc6 bxc6 13. g4 Bg6 14. 0-0 Ba5 15. Nxe4 dxe4 16. Qa4 exf3 17. Qxa5 Be4 18. b3 f5 19. exf6 Qxf6 20. Qxc7 Rae8 21. Rac1 Bd5 22. Rfe1 Re4 23. Qg3 Rfe8 24. Kh2 1/2-1/2

[Event "LSS No Engine Cup 215 Final"]
[Site "LSS email"]
[Date "2021.09.19"]
[Round "?"]
[White "Langheld, Werner"]
[Black "Mcdaniel, Curtis"]
[Result "1-0"]
[WhiteElo "2038"]
[BlackElo "2136"]
[PlyCount "75"]
[EventDate "2021.09.19"]
[EventType "tourn (corr)"]
[EventRounds "6"]
[EventCountry "GER"]
[SourceTitle "Corr 2024"]
[Source "ChessBase"]
[SourceDate "2023.10.19"]
[SourceVersion "1"]
[SourceVersionDate "2023.10.19"]
[SourceQuality "1"]

1. e4 e6 2. d4 d5 3. Nc3 Nf6 4. Bg5 Bb4 5. e5 h6 6. Bd2 Bxc3 7. bxc3 Ne4 8. Bc1 Nxc3 9. Qg4 Kf8 10. Qg3 Ne4 11. Qa3+ Qe7 12. Ne2 b6 13. f3 Ng5 14. Nf4 c5 15. dxc5 bxc5 16. Be3 d4 17. Bf2 Nc6 18. h4 Nh7 19. Nd3 c4 20. Nc5 a5 21. c3 Nxe5 22. Bxd4 Nc6 23. Bf2 Kg8 24. Bxc4 Nf6 25. Bb5 Bd7 26. Rb1 Rc8 27. 0-0 Kh7 28. Bd3+ g6 29. Rb7 Rb8 30. Rfb1 Rxb7 31. Rxb7 Kg7 32. Bb5 Qd6 33. Rb6 Nd5 34. Rb7 Rd8 35. Rxd7 Rxd7 36. Bxc6 Qxc6 37. Nxd7 Qxd7 38. Qxa5 1-0

[Event "LSS No Engine Cup 215 Final"]
[Site "LSS email"]
[Date "2021.09.19"]
[Round "?"]
[White "Mcdaniel, Curtis"]
[Black "Zonneveld, Will"]
[Result "1/2-1/2"]
[WhiteElo "2136"]
[BlackElo "2362"]
[PlyCount "39"]
[EventDate "2021.09.19"]
[EventType "tourn (corr)"]
[EventRounds "6"]
[EventCountry "GER"]
[SourceTitle "Corr 2024"]
[Source "ChessBase"]
[SourceDate "2023.10.19"]
[SourceVersion "1"]
[SourceVersionDate "2023.10.19"]
[SourceQuality "1"]

1. e4 e6 2. d4 d5 3. Nd2 c5 4. c3 cxd4 5. cxd4 dxe4 6. Nxe4 Nf6 7. Bd3 Be7 8. Nf3 Bd7 9. Ne5 Nc6 10. 0-0 0-0 11. Nxf6+ Bxf6 12. Be4 Nxe5 13. dxe5 Bxe5 14. Bxh7+ Kxh7 15. Qh5+ Kg8 16. Qxe5 Bc6 17. Be3 Qf6 18. Qxf6 gxf6 19. Rad1 f5 20. f3 1/2-1/2

[Event "LSS No Engine Cup 213 Final"]
[Site "LSS email"]
[Date "2021.09.07"]
[Round "?"]
[White "Aberbach Peltzman, Angel"]
[Black "Mcdaniel, Curtis"]
[Result "1-0"]
[WhiteElo "1930"]
[BlackElo "2136"]
[PlyCount "85"]
[EventDate "2021.09.07"]
[EventType "tourn (corr)"]
[EventRounds "6"]
[EventCountry "GER"]
[SourceTitle "Corr 2024"]
[Source "ChessBase"]
[SourceDate "2023.10.19"]
[SourceVersion "1"]
[SourceVersionDate "2023.10.19"]
[SourceQuality "1"]

1. e4 c5 2. Nf3 d6 3. d4 cxd4 4. Nxd4 Nf6 5. Nc3 a6 6. h3 h6 7. g4 b5 8. Bg2 Bb7 9. 0-0 Nbd7 10. Nd5 e5 11. Ne2 Nxd5 12. exd5 Be7 13. Ng3 0-0 14. a4 b4 15. a5 Rb8 16. Ra4 Nc5 17. Rxb4 Qxa5 18. Bd2 Qc7 19. Nf5 a5 20. Rb5 Ba6 21. Bxa5 Qd7 22. Rxc5 dxc5 23. Re1 Bf6 24. Qf3 Rxb2 25. Nxh6+ Kh8 26. Nf5 Kg8 27. Qg3 Rfb8 28. Be4 Qa4 29. g5 Qxa5 30. Re3 Qd8 31. Nh6+ Kf8 32. gxf6 Qxf6 33. Nxf7 Qf4 34. Nxe5 Qxg3+ 35. Rxg3 Re8 36. Nd7+ Ke7 37. Rxg7+ Kd6 38. Nf6 Rh8 39. Ng4 Rb6 40. Kg2 c4 41. Kg3 Kc5 42. h4 Bb5 43. Ne3 1-0

[Event "LSS No Engine Cup 211 Final"]
[Site "LSS email"]
[Date "2021.07.23"]
[Round "?"]
[White "Callow, Chris"]
[Black "Mcdaniel, Curtis"]
[Result "1/2-1/2"]
[WhiteElo "2246"]
[BlackElo "2134"]
[PlyCount "58"]
[EventDate "2021.07.23"]
[EventType "tourn (corr)"]
[EventRounds "6"]
[EventCountry "GER"]
[SourceTitle "Corr 2024"]
[Source "ChessBase"]
[SourceDate "2023.10.19"]
[SourceVersion "1"]
[SourceVersionDate "2023.10.19"]
[SourceQuality "1"]

1. e4 c5 2. Nf3 d6 3. d4 cxd4 4. Nxd4 Nf6 5. Nc3 a6 6. Bg5 Nbd7 7. Bc4 Qb6 8. Bb3 e6 9. Bxf6 Nxf6 10. Qd2 Be7 11. 0-0-0 Nd7 12. Rhe1 0-0 13. a3 Nc5 14. f4 Nxb3+ 15. Nxb3 Qd8 16. Kb1 b5 17. g4 Bd7 18. f5 a5 19. e5 d5 20. f6 gxf6 21. Qh6 fxe5 22. Nxd5 Bg5 23. Qh5 exd5 24. Rxe5 f5 25. Rexd5 Be8 26. Rxd8 Bxh5 27. Rxa8 Rxa8 28. gxh5 Be3 29. c3 f4 1/2-1/2

[Event "LSS No Engine Cup 211 Final"]
[Site "LSS email"]
[Date "2021.07.23"]
[Round "?"]
[White "Grillo, Roberto"]
[Black "Mcdaniel, Curtis"]
[Result "1/2-1/2"]
[WhiteElo "2082"]
[BlackElo "2134"]
[PlyCount "72"]
[EventDate "2021.07.23"]
[EventType "tourn (corr)"]
[EventRounds "6"]
[EventCountry "GER"]
[SourceTitle "Corr 2024"]
[Source "ChessBase"]
[SourceDate "2023.10.19"]
[SourceVersion "1"]
[SourceVersionDate "2023.10.19"]
[SourceQuality "1"]

1. d4 d5 2. c4 c6 3. Nf3 e6 4. e3 f5 5. Bd3 Nf6 6. 0-0 Bd6 7. b3 Qe7 8. Bb2 b6 9. Nc3 0-0 10. Rc1 g6 11. Ne2 Nbd7 12. Nf4 dxc4 13. Rxc4 Bb7 14. Ng5 e5 15. dxe5 Bxe5 16. Rd4 b5 17. Be2 c5 18. Rd2 Bxb2 19. Bxb5 Ne5 20. Rxb2 h6 21. Nge6 Rf7 22. Rc2 g5 23. Rxc5 gxf4 24. Rxe5 Ng4 25. Rxf5 Qh4 26. h3 Rxf5 27. Bc4 Ne5 28. Nd4+ Nxc4 29. Nxf5 Qg5 30. Qg4 Qxg4 31. Nxh6+ Kf8 32. Nxg4 Nd2 33. Rd1 Rd8 34. Rc1 f3 35. Rc7 Rc8 36. Rxc8+ Bxc8 1/2-1/2

[Event "LSS No Engine Cup 211 Final"]
[Site "LSS email"]
[Date "2021.07.23"]
[Round "?"]
[White "Van Bommel, Ton"]
[Black "Mcdaniel, Curtis"]
[Result "1/2-1/2"]
[WhiteElo "2379"]
[BlackElo "2134"]
[PlyCount "65"]
[EventDate "2021.07.23"]
[EventType "tourn (corr)"]
[EventRounds "6"]
[EventCountry "GER"]
[SourceTitle "Corr 2024"]
[Source "ChessBase"]
[SourceDate "2023.10.19"]
[SourceVersion "1"]
[SourceVersionDate "2023.10.19"]
[SourceQuality "1"]

1. Nc3 Nf6 2. e4 e5 3. Nf3 Nc6 4. Bb5 Bc5 5. 0-0 0-0 6. Nxe5 Nxe5 7. d4 Bd6 8. f4 Nc6 9. e5 Be7 10. exf6 Bxf6 11. d5 Ne7 12. Be2 Nf5 13. Bd3 Nd6 14. Kh1 b6 15. a4 Re8 16. Qh5 h6 17. Nb5 Nxb5 18. axb5 Bb7 19. Ra4 Qe7 20. Qf5 g6 21. Qg4 Bxd5 22. f5 g5 23. h4 Kg7 24. Bd2 c5 25. Kg1 Kg8 26. b3 a6 27. Rxa6 Qd8 28. Kh1 d6 29. Bc4 Bxc4 30. bxc4 Qe7 31. Kh2 Rxa6 32. bxa6 Ra8 33. hxg5 1/2-1/2

[Event "LSS No Engine Cup 212 Final"]
[Site "LSS email"]
[Date "2021.07.15"]
[Round "?"]
[White "Mostowik, Daniel"]
[Black "Mcdaniel, Curtis"]
[Result "1/2-1/2"]
[WhiteElo "1957"]
[BlackElo "2131"]
[PlyCount "72"]
[EventDate "2021.07.15"]
[EventType "tourn (corr)"]
[EventRounds "6"]
[EventCountry "GER"]
[SourceTitle "Corr 2024"]
[Source "ChessBase"]
[SourceDate "2023.10.19"]
[SourceVersion "1"]
[SourceVersionDate "2023.10.19"]
[SourceQuality "1"]

1. e4 c5 2. Nf3 d6 3. d4 cxd4 4. Nxd4 Nf6 5. Nc3 a6 6. Be3 e5 7. Nb3 Be6 8. Be2 Be7 9. 0-0 Nbd7 10. a4 Rc8 11. a5 0-0 12. Qd3 Qc7 13. Rfd1 Rfd8 14. Bf3 Nc5 15. Nxc5 dxc5 16. Qf1 Rxd1 17. Qxd1 h6 18. Nd5 Bxd5 19. exd5 c4 20. Bg4 Rf8 21. Ra4 Qd8 22. c3 Nxg4 23. Qxg4 Qxd5 24. Bxh6 Bf6 25. g3 e4 26. Be3 Qc6 27. Ra1 Qb5 28. Qe2 Bd8 29. Bd4 f5 30. b4 cxb3 31. Qxb5 axb5 32. Rb1 Bxa5 33. Rxb3 b4 34. cxb4 Bc7 35. b5 Rd8 36. Be3 Kf7 1/2-1/2

[Event "LSS No Engine Cup 212 Final"]
[Site "LSS email"]
[Date "2021.07.15"]
[Round "?"]
[White "Schleef, Harald"]
[Black "Mcdaniel, Curtis"]
[Result "1-0"]
[WhiteElo "2370"]
[BlackElo "2131"]
[PlyCount "89"]
[EventDate "2021.07.15"]
[EventType "tourn (corr)"]
[EventRounds "6"]
[EventCountry "GER"]
[SourceTitle "Corr 2024"]
[Source "ChessBase"]
[SourceDate "2023.10.19"]
[SourceVersion "1"]
[SourceVersionDate "2023.10.19"]
[SourceQuality "1"]

1. e4 c5 2. Nf3 d6 3. d4 cxd4 4. Nxd4 Nf6 5. Nc3 a6 6. Bg5 Nbd7 7. f4 Qc7 8. Qf3 b5 9. 0-0-0 Bb7 10. Bd3 g6 11. Nd5 Nxd5 12. exd5 Bg7 13. Rhe1 Nf6 14. Nc6 e6 15. f5 0-0 16. fxe6 fxe6 17. Rxe6 Nxd5 18. Qxd5 Qxc6 19. Qb3 Qd5 20. Qxd5 Bxd5 21. Rxd6 Bxg2 22. Re1 Rf2 23. h4 Bf8 24. Rb6 Bd5 25. Re5 Bc5 26. Rxa6 Rxa6 27. Rxd5 Bf8 28. Rxb5 Ra8 29. a3 Re8 30. Kd1 Bg7 31. a4 Rh2 32. c3 h6 33. Bd2 Rd8 34. Bc4+ Kh8 35. Rd5 Ra8 36. Kc2 Bf6 37. a5 Rxh4 38. Kb3 h5 39. Be3 Re4 40. Bb6 Ree8 41. Bb5 Reb8 42. Kc4 Rc8+ 43. Kd3 h4 44. Bd7 Rcb8 45. b4 1-0

[Event "LSS No Engine Cup 216 Preliminary 0"]
[Site "LSS email"]
[Date "2021.04.11"]
[Round "?"]
[White "Hoehne, Volkmar"]
[Black "Mcdaniel, Curtis"]
[Result "1/2-1/2"]
[WhiteElo "2136"]
[BlackElo "2114"]
[PlyCount "60"]
[EventDate "2021.04.11"]
[EventType "tourn (corr)"]
[EventRounds "6"]
[EventCountry "GER"]
[SourceTitle "Corr 2024"]
[Source "ChessBase"]
[SourceDate "2023.10.19"]
[SourceVersion "1"]
[SourceVersionDate "2023.10.19"]
[SourceQuality "1"]

1. e4 c5 2. Nf3 d6 3. d4 cxd4 4. Nxd4 Nf6 5. Nc3 a6 6. Bc4 e6 7. Bb3 Nbd7 8. f4 Nc5 9. Qf3 Qc7 10. f5 Be7 11. Be3 0-0 12. 0-0 b5 13. a3 e5 14. Nde2 Bb7 15. Ng3 Nxb3 16. cxb3 a5 17. Rac1 Qd7 18. Nh5 Nxh5 19. Qxh5 b4 20. Na4 Bd8 21. Qg4 Rc8 22. Rcd1 h5 23. Qxh5 Qc6 24. f6 Qxe4 25. Qg5 Qg6 26. Qxg6 fxg6 27. axb4 axb4 28. f7+ Rxf7 29. Rxf7 Kxf7 30. Rxd6 Be4 1/2-1/2

[Event "LSS No Engine Cup 215 Preliminary 0"]
[Site "LSS email"]
[Date "2021.03.13"]
[Round "?"]
[White "Tarmak, Mart"]
[Black "Mcdaniel, Curtis"]
[Result "0-1"]
[WhiteElo "1600"]
[BlackElo "2107"]
[PlyCount "42"]
[EventDate "2021.03.13"]
[EventType "tourn (corr)"]
[EventRounds "6"]
[EventCountry "GER"]
[SourceTitle "Corr 2024"]
[Source "ChessBase"]
[SourceDate "2023.10.19"]
[SourceVersion "1"]
[SourceVersionDate "2023.10.19"]
[SourceQuality "1"]

1. e4 e5 2. f4 exf4 3. Nf3 g5 4. h4 g4 5. Ne5 Nf6 6. Nxg4 Nxe4 7. d3 Ng3 8. Rh3 Qe7+ 9. Kf2 Qd6 10. d4 Nc6 11. c3 h5 12. Nh2 Qf6 13. Qe1+ Be7 14. Nf3 Nxf1 15. Kxf1 d5 16. Rh2 Bg4 17. Ne5 Nxe5 18. Qxe5 Qa6+ 19. Kg1 0-0-0 20. Nd2 Bd6 21. Qxd5 Rhe8 0-1

[Event "OP-2021-0-05117"]
[Site "LSS email"]
[Date "2021.03.12"]
[Round "?"]
[White "Cleto Junior, Dirceu"]
[Black "Mcdaniel, Curtis"]
[Result "1-0"]
[WhiteElo "2065"]
[BlackElo "2162"]
[PlyCount "61"]
[EventDate "2021.03.09"]
[EventType "tourn (corr)"]
[EventRounds "4"]
[EventCountry "GER"]
[SourceTitle "Corr 2024"]
[Source "ChessBase"]
[SourceDate "2023.10.19"]
[SourceVersion "1"]
[SourceVersionDate "2023.10.19"]
[SourceQuality "1"]

1. e4 c5 2. Nf3 d6 3. d4 cxd4 4. Nxd4 Nf6 5. Nc3 a6 6. Bg5 e6 7. f4 Qb6 8. Qd2 Qxb2 9. Rb1 Qa3 10. e5 dxe5 11. fxe5 Nfd7 12. Ne4 h6 13. Bh4 Qxa2 14. Rd1 Qd5 15. Qe3 Qxe5 16. Be2 Bc5 17. Bg3 Bxd4 18. Rxd4 Qa5+ 19. Rd2 0-0 20. Bd6 Nc6 21. 0-0 Rd8 22. Qf4 Qf5 23. Qh4 Qa5 24. Rd3 Rf8 25. Rg3 Nd4 26. Nf6+ Nxf6 27. Rxg7+ Kxg7 28. Qxd4 Kg8 29. Bxf8 e5 30. Qf2 Be6 31. Bxh6 1-0

[Event "LSS No Engine Cup 213 Preliminary 0"]
[Site "LSS email"]
[Date "2021.01.28"]
[Round "?"]
[White "Wuttke, Bodo"]
[Black "Mcdaniel, Curtis"]
[Result "1/2-1/2"]
[WhiteElo "2088"]
[BlackElo "2081"]
[PlyCount "32"]
[EventDate "2021.01.28"]
[EventType "tourn (corr)"]
[EventRounds "6"]
[EventCountry "GER"]
[SourceTitle "Corr 2024"]
[Source "ChessBase"]
[SourceDate "2023.10.19"]
[SourceVersion "1"]
[SourceVersionDate "2023.10.19"]
[SourceQuality "1"]

1. d4 d5 2. c4 e6 3. Nc3 c6 4. cxd5 exd5 5. Bf4 Bf5 6. e3 Nf6 7. Bd3 Bxd3 8. Qxd3 Nh5 9. Be5 Nd7 10. Nf3 f6 11. Bg3 g6 12. e4 dxe4 13. Qxe4+ Qe7 14. Qxe7+ Bxe7 15. d5 Nxg3 16. hxg3 cxd5 1/2-1/2

[Event "RA-2021-0-00676"]
[Site "LSS email"]
[Date "2021.01.10"]
[Round "?"]
[White "Hatsek, Werner"]
[Black "Mcdaniel, Curtis"]
[Result "1/2-1/2"]
[WhiteElo "2047"]
[BlackElo "2178"]
[PlyCount "46"]
[EventDate "2020.11.04"]
[EventType "tourn (corr)"]
[EventRounds "6"]
[EventCountry "GER"]
[SourceTitle "Corr 2022"]
[Source "ChessBase"]
[SourceDate "2021.10.24"]
[SourceVersion "1"]
[SourceVersionDate "2021.10.24"]
[SourceQuality "1"]

1. e4 c5 2. Nf3 d6 3. d4 cxd4 4. Nxd4 Nf6 5. Nc3 a6 6. Be3 e5 7. Nb3 Be6 8. f4 exf4 9. Bxf4 Nc6 10. Be2 Be7 11. Qd3 Rc8 12. Qd2 b5 13. 0-0-0 Ne5 14. Kb1 0-0 15. Rhe1 Re8 16. Nd4 b4 17. Nd5 Nxe4 18. Nxe7+ Qxe7 19. Qxb4 Nc4 20. Nxe6 Qxe6 21. Ka1 d5 22. Bxc4 Rxc4 23. Qb7 Rd8 1/2-1/2

[Event "RA-2021-0-00676"]
[Site "LSS email"]
[Date "2021.01.10"]
[Round "?"]
[White "Mcdaniel, Curtis"]
[Black "Farnik, Kym"]
[Result "1/2-1/2"]
[WhiteElo "2178"]
[BlackElo "2123"]
[PlyCount "81"]
[EventDate "2020.11.04"]
[EventType "tourn (corr)"]
[EventRounds "6"]
[EventCountry "GER"]
[SourceTitle "Corr 2022"]
[Source "ChessBase"]
[SourceDate "2021.10.24"]
[SourceVersion "1"]
[SourceVersionDate "2021.10.24"]
[SourceQuality "1"]

1. e4 c5 2. d4 cxd4 3. c3 dxc3 4. Nxc3 Nc6 5. Nf3 d6 6. Bc4 a6 7. 0-0 Nf6 8. Bf4 e6 9. Qe2 Nh5 10. Be3 Be7 11. Rfd1 Bd7 12. Rac1 0-0 13. h3 Nf6 14. Bf4 b5 15. Bb3 Qb8 16. Bc2 Ne5 17. Nxe5 dxe5 18. Be3 Bc6 19. Kh2 Rc8 20. f3 Nd7 21. Qf2 Nf8 22. Nb1 Be8 23. Nd2 Ng6 24. g3 a5 25. Nb3 h6 26. h4 Bd8 27. Bd3 Rxc1 28. Rxc1 Ne7 29. Bf1 Nc6 30. Nc5 a4 31. Nd3 Kh7 32. Kg2 Be7 33. Nc5 Bd6 34. Kh2 b4 35. Bc4 Na5 36. Qd2 Qc7 37. Bd3 Nc6 38. Kg2 a3 39. b3 Rd8 40. Na6 Qb7 41. Nc5 1/2-1/2

[Event "RA-2021-0-00676"]
[Site "LSS email"]
[Date "2021.01.10"]
[Round "?"]
[White "Mcdaniel, Curtis"]
[Black "Morcin, Tom"]
[Result "1/2-1/2"]
[WhiteElo "2178"]
[BlackElo "2097"]
[PlyCount "53"]
[EventDate "2020.11.04"]
[EventType "tourn (corr)"]
[EventRounds "6"]
[EventCountry "GER"]
[SourceTitle "Corr 2022"]
[Source "ChessBase"]
[SourceDate "2021.10.24"]
[SourceVersion "1"]
[SourceVersionDate "2021.10.24"]
[SourceQuality "1"]

1. e4 c5 2. d4 cxd4 3. c3 dxc3 4. Nxc3 Nc6 5. Nf3 e6 6. Bc4 a6 7. 0-0 b5 8. Bb3 Bb7 9. Nd5 Na5 10. Bg5 Be7 11. Nxe7 Nxe7 12. Bc2 f6 13. Bd2 Nc4 14. Bc3 Rc8 15. a4 0-0 16. Nd2 Nb6 17. axb5 axb5 18. Bb4 Rf7 19. Bd6 Rc6 20. Bg3 Qc8 21. Bd3 Nc4 22. Qe2 e5 23. b3 Nb2 24. Bxb5 Rc2 25. Bc4 d5 26. exd5 Nxd5 27. Rac1 1/2-1/2

[Event "LSS No Engine Cup 212 Preliminary 0"]
[Site "LSS email"]
[Date "2021.01.05"]
[Round "?"]
[White "Bengoa, Josu"]
[Black "Mcdaniel, Curtis"]
[Result "0-1"]
[WhiteElo "1151"]
[BlackElo "2080"]
[PlyCount "60"]
[EventDate "2021.01.05"]
[EventType "tourn (corr)"]
[EventRounds "6"]
[EventCountry "GER"]
[SourceTitle "Corr 2022"]
[Source "ChessBase"]
[SourceDate "2021.10.24"]
[SourceVersion "1"]
[SourceVersionDate "2021.10.24"]
[SourceQuality "1"]

1. e4 c5 2. Nf3 d6 3. d4 cxd4 4. Nxd4 Nf6 5. Nc3 a6 6. Bg5 e6 7. Bd3 Be7 8. 0-0 Nxe4 9. Bxe7 Nxc3 10. bxc3 Qxe7 11. Re1 g6 12. Qd2 0-0 13. a4 Nd7 14. Nf3 Nc5 15. Bf1 Bd7 16. a5 f5 17. h3 Ne4 18. Qe3 Rac8 19. Ra3 e5 20. Nd2 d5 21. Nf3 Qxa3 22. Nxe5 Rxc3 23. Qe2 Bb5 24. Qd1 Qc5 25. Kh2 Qxf2 26. Qxd5+ Kh8 27. Rxe4 fxe4 28. Bxb5 axb5 29. Qxb5 Qg3+ 30. Kh1 Rxc2 0-1